[Event "IND-ch Velammal 45th"]
[Site "Chennai"]
[Date "2008.02.10"]
[Round "8"]
[White "Ashwin, Jayaram"]
[Black "Ravi, Thandalam Shanmugam"]
[Result "1-0"]
[WhiteElo "2478"]
[BlackElo "2339"]
[PlyCount "147"]
[EventDate "2008.02.03"]
[EventType "swiss"]
[EventRounds "13"]
[EventCountry "IND"]
[SourceTitle "CBM 122 Extra"]
[Source "ChessBase"]
[SourceDate "2008.03.04"]
[SourceVersion "1"]
[SourceVersionDate "2008.03.04"]
[SourceQuality "1"]

1. d4 Nf6 2. c4 e6 3. Nf3 b6 4. g3 Ba6 5. Qc2 d5 6. cxd5 exd5 7. Ne5 Bd6 8. Qa4+ c6 9. Nc3 Bb7 10. Bh3 Qe7 11. f4 0-0 12. 0-0 Ne4 13. Nxe4 dxe4 14. Be3 f6 15. Qb3+ Kh8 16. Be6 fxe5 17. fxe5 Na6 18. exd6 Qxd6 19. Bf7 Nc7 20. Rf5 Nd5 21. Raf1 Rad8 22. Bg5 Ne7 23. R5f2 Bc8 24. Qa3 c5 25. dxc5 bxc5 26. Be3 Bh3 27. Bxc5 Qc6 28. Bxe7 e3 29. Qxe3 Rxf7 30. Bxd8 Bxf1 31. Rxf1 Rxf1+ 32. Kxf1 Qh1+ 33. Qg1 Qd5 34. Bh4 Qd1+ 35. Kf2 Qd4+ 36. Kg2 Qe4+ 37. Kh3 Qxe2 38. Qg2 Qe6+ 39. g4 h5 40. Qf3 hxg4+ 41. Qxg4 Qxa2 42. Qh5+ Kg8 43. Qe5 Qf7 44. Kg2 Qb7+ 45. Kg1 Qb6+ 46. Bf2 Qg6+ 47. Kf1 Qb1+ 48. Kg2 Qg6+ 49. Kf3 Qc6+ 50. Kf4 Qh6+ 51. Ke4 Qg6+ 52. Ke3 Qf7 53. Be1 Qb3+ 54. Bc3 Qb6+ 55. Ke4 Qg6+ 56. Kd5 Qd3+ 57. Kc6 Qa6+ 58. Kc7 Qb6+ 59. Kc8 Qa6+ 60. Kb8 Qb6+ 61. Ka8 Qc6+ 62. Kxa7 Qa4+ 63. Kb6 Qb3+ 64. Kc5 Kf8 65. Qxg7+ Ke8 66. Qe5+ Kf8 67. h4 Qc2 68. Qf6+ Ke8 69. h5 Qc1 70. h6 Qe3+ 71. Kb4 Qe4+ 72. Qd4 Qb7+ 73. Ka3 Qe7+ 74. b4 1-0

[Event "IND-ch Velammal 45th"]
[Site "Chennai"]
[Date "2008.02.04"]
[Round "2"]
[White "Adhiban, Baskaran"]
[Black "Ravi, Thandalam Shanmugam"]
[Result "1-0"]
[WhiteElo "2401"]
[BlackElo "2339"]
[PlyCount "79"]
[EventDate "2008.02.03"]
[EventType "swiss"]
[EventRounds "13"]
[EventCountry "IND"]
[SourceTitle "CBM 122 Extra"]
[Source "ChessBase"]
[SourceDate "2008.03.04"]
[SourceVersion "1"]
[SourceVersionDate "2008.03.04"]
[SourceQuality "1"]

1. e4 e5 2. Nf3 Nc6 3. Bb5 Nf6 4. 0-0 Nxe4 5. d4 Nd6 6. Bxc6 dxc6 7. dxe5 Nf5 8. Qxd8+ Kxd8 9. Nc3 Ke8 10. h3 Be7 11. g4 Nh4 12. Nxh4 Bxh4 13. Bf4 Be6 14. b3 Be7 15. Rad1 Rd8 16. Rxd8+ Kxd8 17. Ne2 Kc8 18. Nd4 Rd8 19. Nxe6 fxe6 20. Be3 b5 21. f4 Rd5 22. Kg2 b4 23. Kf3 Bc5 24. Bc1 Kd7 25. Ke2 Ke7 26. Rd1 Bd4 27. Kf3 g6 28. Ke4 Bb6 29. Rd3 Ra5 30. f5 gxf5+ 31. gxf5 Rd5 32. f6+ Kf7 33. Rg3 Rd4+ 34. Kf3 Rh4 35. Rg7+ Kf8 36. Kg3 Rh5 37. Kg4 Rxe5 38. Bh6 Rf5 39. Re7+ Kg8 40. f7+ 1-0